| 000 | 01381nam a2200421 i 4500 | ||
|---|---|---|---|
| 001 | 45821 | ||
| 003 | KOSZ 005 | ||
| 005 | 20220909141302.0 | ||
| 008 | 040521s2004 pl f f |001 0 pol | ||
| 015 | _aPB 2004/10005 | ||
| 020 | _a8373343091 | ||
| 035 | _a(OCoLC)830572182 | ||
| 040 |
_aWA N _cWA N _dKOSZ 005/HR |
||
| 041 | 0 | _apol | |
| 046 | _k2004 | ||
| 080 | _a347.73(438) | ||
| 080 | _a336.14:352(438) | ||
| 080 | _a(075.8) | ||
| 100 | 1 |
_aBorodo, Andrzej _d(1949-2020) _eAutor |
|
| 245 | 1 | 0 |
_aSamorząd terytorialny : _bsystem prawnofinansowy / _cAndrzej Borodo. |
| 250 | _aWyd. 3 zm., stan prawny na 1 maja 2004 roku. | ||
| 260 |
_aWarszawa : _bWydaw. Prawnicze "LexisNexis", _c2004. |
||
| 300 |
_a348 s. ; _c24 cm. |
||
| 380 | _aKsiążki | ||
| 388 | _a2001- | ||
| 504 | _aBibliogr. s. 341-344. Indeks. | ||
| 648 | 7 | _a2001- | |
| 650 | 4 | _aBudżety terenowe | |
| 650 | 4 | _aPrawo samorządu terytorialnego | |
| 650 | 4 | _aFinanse publiczne | |
| 650 | 4 | _aSamorząd terytorialny | |
| 651 | 7 | _aPolska | |
| 655 | 4 | _aPodręczniki akademickie | |
| 658 | _aPolityka, politologia, administracja publiczna | ||
| 710 | 2 |
_aWydawnictwo Prawnicze LexisNexis _4pbl. |
|
| 856 |
_uhttp://koha.tu.koszalin.pl/cgi-bin/koha/opac-detail.pl?biblionumber=45821 _yKatalog online BPK |
||
| 942 |
_2UKD _cKS |
||
| 999 |
_c45821 _d45821 |
||